000 01153nam a22002897a 4500
001 04096
003 HDC
007 cr bn ---aaaaa
008 210114b2003 tai||||| |||| 00| 0 eng d
040 _aHDC
245 0 _aFFTC Research Highlights :
_bEffect of Fruit Wrapping on the Production and quality of some banana Varieties
260 _aTaiwan:
_bFood and Fertilizer Technology Center,
_c2003
300 _a1 online resource (2 pages)
336 _atext
_2rdacontent
337 _acomputer
_2rdamedia
338 _aonline resources
_2rdacarrier
500 _avarious article inside
650 _aBananas
_98364
650 _aBiomolecular analysis
_94180
650 _aFertilizer efficiency
_94178
650 _aFruit wrapping
_94179
856 _zRequest full-text at [email protected]
856 _zRequest full-text at [email protected]
942 _2lcc
942 _cAR
942 _kEMAG 000070
999 _c1421
_d1421